00735nam a2200241 a 4500001001300000003000900013005001700022008004100039020001000080082001300090100001600103245004400119260004900163300000900212500003500221505005100256650002700307700001600334902000800350942000700358952011300365999001500478nice12345678IN_TiNIC20260116011643.0050524s1971 newa grp 000 0 eng  ac10000a228bMAT aMathai, P S aBook of Revelation and the Nuclear Age. aNew DelhibAll India Prayer Fellowshipc1971 a131p aincludes index and biblioraphy2 aAn altogether new interpretation of Revelation aApocalyptic Literature1 aMathai, P S bSRS cBK 001040708StackRoom-aHMIbHMId2007-06-21g100.00l0o228 MATp06759r2007-06-21v100.00w2005-05-24yBK c3162d3162